Largest Empires in World History - Statistics

General Stats
  • This quiz has been taken 78 times
  • The average score is 6 of 15
Answer Stats
Million sq km Empire % Correct
24.0 Mongol Empire
93%
35.5 British Empire
90%
22.8 Russian Empire
84%
13.7 Spanish Empire
77%
11.5 French Empire
75%
7.4 Japanese Empire
55%
14.7 Qing Dynasty
49%
8.337 Empire of Brazil
30%
6.5 Ming Dynasty
23%
11.1 Umayyad Caliphate
19%
6.5 Han Dynasty
16%
11.0 Yuan Dynasty
14%
11.1 Abbasid Caliphate
12%
6.4 Rashidun Caliphate
5%
9.0 Xiongnu Empire
3%
No matching quizzes found
Score Distribution
Percent of People with Each Score
Percentile by Number Answered
Your Score History
You have not taken this quiz